Cuentos completos /
Flannery O'Connor (1925-1964), escritora norteamericana nacida en Savannah, Georgia. Siendo mayor de edad se le diagnosticó una grave enfermedad autoinmune que con el paso de los días le afectó las articulaciones de las piernas obligándola a andar en muletas hasta acarrearle la muerte. Cargada de un...
Tallennettuna:
| Päätekijä: | |
|---|---|
| Muut tekijät: | , , , |
| Aineistotyyppi: | Kirja |
| Kieli: | espanja |
| Julkaistu: |
México :
Debolsillo,
2010, c2010
|
| Sarja: | (Debolsillo Contemporánea) [s.n.]
|
| Aiheet: | |
| Tagit: |
Ei tageja, Lisää ensimmäinen tagi!
|
MARC
| LEADER | 00000nam^a2200000^a^4500 | ||
|---|---|---|---|
| 001 | 000318118 | ||
| 005 | 20250521000000.0 | ||
| 009 | 20260310113402.394 | ||
| 020 | |a 978-84-8346-131-0 | ||
| 037 | |a Acervo ITESO - Biblioteca | ||
| 041 | |a ESP | ||
| 082 | |a 813. |b OCO | ||
| 100 | |a O'Connor, Flannery |e (autor) | ||
| 245 | 1 | 0 | |a Cuentos completos / |c F. O'Connor ; pról. de G. Martín Garzo ; tr. por M. Covian, C. Filipetto Isicato, V. Ozores. |
| 264 | 4 | |a México : |b Debolsillo, |c 2010, c2010 | |
| 300 | |a 839 p. | ||
| 336 | |a texto |b txt |2 rdacontenido | ||
| 337 | |a sin mediación |b n |2 rdamedio | ||
| 338 | |a volumen |b nc |2 rdasoporte | ||
| 440 | 1 | |a (Debolsillo Contemporánea) [s.n.] | |
| 500 | |a Traducción de: The Complete Stories | ||
| 520 | |a Flannery O'Connor (1925-1964), escritora norteamericana nacida en Savannah, Georgia. Siendo mayor de edad se le diagnosticó una grave enfermedad autoinmune que con el paso de los días le afectó las articulaciones de las piernas obligándola a andar en muletas hasta acarrearle la muerte. Cargada de una visión religiosa católica, su narrativa recoge las condiciones y luchas internas de sus personajes por superar los embates racistas, las incomprensiones por sus comportamientos y sus búsquedas de sentido en las regiones del Sur de los Estados Unidos. Escribió las novelas Sangre sabia (1952), adaptada al cine con el mismo nombre por John Huston, y Los violentos lo arrebatan (1960); así como diversos relatos cortos. | ||
| 649 | |a XX | ||
| 650 | |a Cuentos Norteamericanos | ||
| 650 | |a Literatura Norteamericana - |y Siglo XX | ||
| 650 | |a Literatura de Mujeres - |z EUA | ||
| 700 | |a Martín Garzo, Gustavo |e (prólogo) | ||
| 700 | |a Covián, Marcelo |e (traducción) | ||
| 700 | |a Filipetto, Celia |e (traducción) | ||
| 700 | |a Ozores, Vida |e (traducción) | ||
| 910 | |a Fondo General | ||
| 920 | |a Impresos - Libros | ||
| 930 | |a Colección General | ||
| 940 | |a Literatura | ||
| 905 | |a 101 | ||
| 901 | |a 0500205051 |b IT1 |c LIT |i C130671 |u 20250521 | ||
| 902 | |a https://opac.biblio.iteso.mx/vufind/Record/000318118 | ||